Geografía física y astronómica

Gespeichert in:
Bibliographische Detailangaben
1. Verfasser: Dinarés, P. V.
Format: Buch
Sprache:Spanisch
Erschienen: Barcelona : I. G. Seix y Barral Hnos., 1939
Ausgabe:5ª ed. esmeradamente corr.
Katalog:MANES:  Suchergebnis im Bibliothekskatalog
Schulbuchspezifische Eigenschaften:
Schlagworte:
Tags: Tag hinzufügen
Keine Tags, Fügen Sie den ersten Tag hinzu!
Hinzugefügt zu:09.02.2019
Geändert in:22.12.2025

MARC

LEADER 00000cam a2200000 4500
003 OSt
005 20251222163005.0
008 190210S1939 0esp
040 |a uned  |b spa  |c entro-manes 
041 0 |a spa 
100 1 |a Dinarés, P. V.  |9 38965 
245 1 0 |a Geografía física y astronómica  |c por P. V. Dinarés 
250 |a 5ª ed. esmeradamente corr. 
260 |a Barcelona :  |b I. G. Seix y Barral Hnos.,  |c 1939 
300 |a T. I (184 p., [27] p. de il.) 
505 2 |a Contiene: Libro I 
546 |a España 
561 |5 es-BUNED  |3 L.T. 1645  |a España. Fondo Manes UNED  |k MANES 
650 7 |a Astronomía  |9 28557 
690 |a GEO 
942 |2 ddc  |c BK 
999 |c 95178  |d 95178 
999 |c manes:95178  |d 95178